000 00897nam a2200253Ia 4500
999 _c36030
_d36030
001 1929
003 GE_BSU
005 20221011114739.0
008 181216s2006ru xx |||||||||||||| ||rus||
020 _a5222087808
040 _cGE_BSU
041 _arus
080 _a340(035) Г-90
100 _aГрудцина, Л.Ю.
_915231
245 _aБольшой юридический справочник для физических и юридических лиц. /
_cЛ.Ю. Грудцина.
245 _bИзд. 2-е
264 _aРостов-на Дону,
_bФеникс,
_c2006.
300 _a635 с.:
440 _aСерия ,,Конссультирует юрист,
_915232
653 _aБольшой юридический справочник
653 _aიურიდიული ცნობარი
653 _aსამართალი
942 _cBK
_2udc